[Event "Ch City (seniors) (open)"]
[Site "masterchessopen.com Novosibirsk (Russia)"]
[Date "2008.10.02"]
[Round "8"]
[White "Ignatov Anatoly (RUS)"]
[Black "Baidin Yury (RUS)"]
[Result "1-0"]
[WhiteElo "1973"]
[BlackElo "1862"]

1.e4 e5 2.Nf3 Nc6 3.Bb5 a6 4.Ba4 Nf6 5.O-O Be7 6.Re1 b5 7.Bb3 O-O 8.c3 d6 9.h3
Na5 10.Bc2 c5 11.d4 cxd4 12.cxd4 Nc6 13.Nc3 Bb7 14.d5 Nb8 15.Be3 Nbd7 16.Ne2
Rc8 17.Ng3 g6 18.Bh6 Re8 19.Qd2 Kh8 20.Nh2 Ng8 21.Be3 Ndf6 22.Rac1 Nd7 23.Nf3
Kg7 24.Bb1 Nb6 25.b3 Nd7 26.Rxc8 Bxc8 27.Rc1 f6 28.Nh2 {#r} 1-0

[Event "World Mindsports Games (Blitz Ind w)"]
[Site "masterchessopen.com Beijing (China)"]
[Date "2008.10.04"]
[Round "7"]
[White "Swathi Ghate (IND)"]
[Black "Kovanova Baira (RUS)"]
[Result "0-1"]
[WhiteElo "2320"]
[BlackElo "2379"]

1.e4 e5 2.Nf3 Nc6 3.Bb5 a6 4.Ba4 Nf6 5.O-O Be7 6.Re1 b5 7.Bb3 d6 8.c3 O-O 9.h3
Na5 10.Bc2 c5 11.d4 Nd7 12.d5 Nb6 13.b4 cxb4 14.cxb4 Nac4 15.Nbd2 Bd7 16.Nxc4
Nxc4 17.Bd3 Rc8 18.Qe2 f5 19.Nd2 Nxd2 20.Bxd2 f4 21.f3 Bh4 22.Rec1 Qg5 23.Kh1
Bg3 24.Rxc8 Bxc8 25.Rc1 Qh4 26.Qf1 g5 27.Be2 h5 28.a4 {#R} 0-1

[Event "World Mindsports Games (Active Team)"]
[Site "masterchessopen.com Beijing (China)"]
[Date "2008.10.15"]
[Round "4"]
[White "Erdogdu Mert (TUR)"]
[Black "Kravtsiv Martyn (UKR)"]
[Result "1-0"]
[WhiteElo "2449"]
[BlackElo "2549"]

1.e4 e5 2.Nf3 Nc6 3.Bb5 a6 4.Ba4 Nf6 5.O-O Be7 6.Re1 b5 7.Bb3 d6 8.c3 O-O 9.h3
Na5 10.Bc2 c5 11.d4 Nd7 12.Nbd2 exd4 13.cxd4 Nc6 14.d5 Nce5 15.Nxe5 Nxe5 16.a4
Bd7 17.f4 Ng6 18.Nf3 Bh4 19.Rf1 Bg3 20.f5 Ne5 21.Ng5 h6 22.f6 hxg5 23.Bxg5 Ng6
24.Qh5 Re8 25.e5 Rxe5 26.Bxg6 fxg6 27.f7+ {#r} 1-0

[Event "It (open)"]
[Site "masterchessopen.com Le Touquet (France)"]
[Date "2008.10.26"]
[Round "2"]
[White "Sokolov Andrei (FRA)"]
[Black "Dal Borgo Albin (BEL)"]
[Result "1-0"]
[WhiteElo "2559"]
[BlackElo "2210"]

1.e4 e5 2.Nf3 Nc6 3.Bb5 a6 4.Ba4 Nf6 5.O-O Be7 6.Re1 b5 7.Bb3 d6 8.c3 O-O 9.h3
Na5 10.Bc2 c5 11.d4 Nd7 12.d5 Nb6 13.Nbd2 f5 14.exf5 Bxf5 15.Bxf5 Rxf5 16.Ne4
Kh8 17.b3 Qg8 18.Bg5 Bxg5 19.Nfxg5 Nxd5 20.Nxh7 Nxc3 21.Nxc3 Qxh7 22.Qxd6 Raf8
23.Ne4 Qh6 24.Qxc5 Nc6 25.Qb6 {#r} 1-0

[Event "Ch Moscow (for the Deaf)"]
[Site "masterchessopen.com Moscow (Russia)"]
[Date "2008.11.08"]
[Round "5"]
[White "Chernov Igor (RUS)"]
[Black "Alchinidi Yuri (RUS)"]
[Result "1-0"]
[WhiteElo "1866"]
[BlackElo "2007"]

1.e4 e5 2.Nf3 Nc6 3.Bb5 a6 4.Ba4 Nf6 5.O-O b5 6.Bb3 Be7 7.Re1 d6 8.c3 O-O 9.h3
Na5 10.Bc2 c5 11.d4 Nc6 12.d5 Nb8 13.a4 Bb7 14.Qe2 bxa4 15.Bxa4 Nbd7 16.Nbd2
Nb6 17.Bc2 h6 18.Bd3 Qc8 19.b3 Nh7 20.Nf1 f5 21.exf5 Nxd5 22.Bd2 Ng5 23.Nxg5
Bxg5 24.Bxg5 hxg5 25.Bc4 Qxf5 26.Ne3 Qf7 27.Rad1 Kh8 28.Nxd5 {#r} 1-0

[Event "It (open)"]
[Site "masterchessopen.com Obrenovac (Serbia)"]
[Date "2008.11.27"]
[Round "1"]
[White "Bekic Ljuboje (SRB)"]
[Black "Arngrimsson Dagur (ISL)"]
[Result "0-1"]
[WhiteElo "2014"]
[BlackElo "2392"]

1.e4 e5 2.Nf3 Nc6 3.Bb5 a6 4.Ba4 Nf6 5.O-O Be7 6.Re1 b5 7.Bb3 d6 8.c3 O-O 9.h3
Na5 10.Bc2 d5 11.exd5 e4 12.Ng5 Nxd5 13.Nxe4 f5 14.Ng3 f4 15.Ne4 f3 16.d4 fxg2
17.b4 Nc4 18.Ng3 Qd6 19.Be4 Bb7 20.Bxg2 Rxf2 21.Kxf2 Rf8+ 22.Kg1 Qxg3 23.Rf1
Nde3 24.Rxf8+ Bxf8 25.Qe2 Bxg2 26.Qf2 Qxh3 {#R} 0-1

[Event "Tournament"]
[Site "masterchessopen.com Rio de Janeiro (Brazil)"]
[Date "2008.11.28"]
[Round "5"]
[White "Bil Angelo (BRA)"]
[Black "Dacal Jorge (BRA)"]
[Result "1-0"]
[WhiteElo "2218"]
[BlackElo "1907"]

1.e4 e5 2.Nf3 Nc6 3.Bb5 a6 4.Ba4 Nf6 5.O-O Be7 6.Re1 b5 7.Bb3 d6 8.c3 O-O 9.h3
Na5 10.Bc2 c5 11.d4 cxd4 12.cxd4 Nd7 13.Nbd2 Nc6 14.Nb3 a5 15.Be3 Nb4 16.Bb1
Qc7 17.a3 Na6 18.Bd3 a4 19.Rc1 Qd8 20.Nbd2 Rb8 21.Qe2 Bf6 22.d5 Ndc5 23.Bxb5
Qa5 24.Bc6 Rxb2 25.Qd1 Nd3 26.Nc4 {#r} 1-0

[Event "It (open)"]
[Site "masterchessopen.com Nantes (France)"]
[Round "5"]
[White "Dgebuadze Alexandre (BEL)"]
[Black "Colin Vincent (FRA)"]
[Result "1-0"]
[WhiteElo "2544"]
[BlackElo "2421"]

1.e4 e5 2.Nf3 Nc6 3.Bb5 a6 4.Ba4 Nf6 5.O-O Be7 6.Re1 b5 7.Bb3 d6 8.c3 O-O 9.h3
Na5 10.Bc2 d5 11.d4 dxe4 12.Nxe5 c5 13.Bg5 Bb7 14.dxc5 Qc7 15.Bxf6 Rad8 16.Qe2
Bxf6 17.Ng4 Bg5 18.a4 f5 19.Nh2 b4 20.cxb4 Nc6 21.b5 Nd4 22.Qc4+ Kh8 23.c6 Rf6
24.Na3 Bxc6 25.Rad1 Rfd6 26.Rxd4 Rxd4 27.Qxc6 Qb8 28.bxa6 e3 29.Rxe3 Bxe3
30.fxe3 Rd2 31.Nf1 Re2 32.Qb5 {#r} 1-0

[Event "It (open)"]
[Site "masterchessopen.com Zadar (Croatia)"]
[Date "2008.12.19"]
[Round "8"]
[White "Zufic Miroslav (CRO)"]
[Black "Gagarin Vasilij (RUS)"]
[Result "0-1"]
[WhiteElo "2429"]
[BlackElo "2390"]

1.e4 e5 2.Nf3 Nc6 3.Bb5 a6 4.Ba4 Nf6 5.O-O Be7 6.Re1 b5 7.Bb3 d6 8.c3 O-O 9.h3
Na5 10.Bc2 d5 11.exd5 e4 12.Bxe4 Nxe4 13.Rxe4 Bb7 14.Re1 Re8 15.d4 Qxd5 16.Re5
Qd7 17.Nbd2 c5 18.Nf1 Rad8 19.Re1 Bxf3 20.Qxf3 cxd4 21.cxd4 Nc6 22.Be3 Nxd4
23.Bxd4 Qxd4 24.Re4 Qf6 25.Qe2 Kf8 26.Re1 Qd6 27.Nh2 Qd7 28.Qh5 h6 29.Ng4 Bg5
30.Ne5 Qc7 31.Qe2 Kg8 32.h4 Bd2 33.Rf1 f5 {#R} 0-1

[Event "Ch Belgium (team) 2008/09"]
[Site "masterchessopen.com Belgium"]
[Date "2009.01.04"]
[Round "6"]
[White "Klein Felix (GER)"]
[Black "Dal Borgo Albin (BEL)"]
[Result "1-0"]
[WhiteElo "2301"]
[BlackElo "2180"]

1.e4 e5 2.Nf3 Nc6 3.Bb5 a6 4.Ba4 Nf6 5.O-O Be7 6.Re1 b5 7.Bb3 d6 8.c3 O-O 9.h3
Na5 10.Bc2 c5 11.d4 Nd7 12.d5 Nb6 13.Nbd2 f5 14.exf5 Bxf5 15.Bxf5 Rxf5 16.Ne4
Kh8 17.Qd3 c4 18.Qc2 g6 19.Rd1 Nb7 20.Be3 Rc8 21.Qe2 Na4 22.b4 cxb3 23.axb3
Nxc3 24.Nxc3 Rxc3 25.Rxa6 Nc5 26.Rc6 Qb8 27.Bd4 Rxb3 28.Bxc5 dxc5 29.d6 Bd8
30.Rxc5 Bb6 {#r} 1-0

[Event "Ch Extremadura (team)"]
[Site "masterchessopen.com Extremadura (Spain)"]
[Date "2009.01.24"]
[Round "2"]
[White "Garrido Perez Jose Manuel (ESP)"]
[Black "Solis Fernandez Fernando (ESP)"]
[Result "0-1"]
[WhiteElo "1754"]
[BlackElo "1786"]

1.e4 e5 2.Nf3 Nc6 3.Bb5 a6 4.Ba4 Nf6 5.O-O b5 6.Bb3 Be7 7.Re1 O-O 8.h3 d6 9.c3
Na5 10.Bc2 c5 11.d4 cxd4 12.cxd4 Nc6 13.b3 Nb4 14.Bb2 Qc7 15.Nc3 Nxc2 16.Qxc2
b4 17.dxe5 dxe5 18.Rac1 bxc3 19.Bxc3 Bb7 20.Qb2 Rac8 21.Nxe5 Qb8 22.Nc4 Qf4
23.Bd2 Qh4 24.Qe5 Bc5 25.Be3 Qxe4 26.Qg3 Nh5 27.Qh2 Rfe8 28.Nd2 Qb4 29.Rc4 Qb6
{#R} 0-1

[Event "NRW Klasse 2 2008/09"]
[Site "masterchessopen.com Germany"]
[Date "2009.02.01"]
[Round "6"]
[White "Scharnowski Tobias (GER)"]
[Black "Beekhuis Maarten (NED)"]
[Result "1-0"]
[WhiteElo "2152"]
[BlackElo "2079"]

1.e4 e5 2.Nf3 Nc6 3.Bb5 a6 4.Ba4 Nf6 5.O-O Be7 6.Re1 b5 7.Bb3 O-O 8.h3 d6 9.c3
Na5 10.Bc2 c5 11.d3 Qc7 12.Nbd2 Re8 13.Nf1 Nc6 14.Ng3 g6 15.Ng5 h6 16.Nf3 Bf8
17.Be3 Bb7 18.Nh2 d5 19.Qf3 Nd4 20.Bxd4 exd4 21.Qxf6 Bg7 22.Qf3 dxc3 23.b3
Rad8 24.Nhf1 d4 25.Ne2 Re6 26.Qg3 Qe7 27.Nh2 f5 28.Nf4 Be5 29.exf5 g5 30.Ng6
{#r} 1-0

[Event "Ch Romania"]
[Site "masterchessopen.com Eforie Nord (Romania)"]
[Date "2009.02.05"]
[Round "6"]
[White "Petrisor Adrian (ROM)"]
[Black "Danilov Ilie Vladimir (ROM)"]
[Result "1-0"]
[WhiteElo "2322"]
[BlackElo "2389"]

1.e4 e5 2.Nf3 Nc6 3.Bb5 a6 4.Ba4 Nf6 5.O-O Be7 6.Re1 b5 7.Bb3 O-O 8.h3 d6 9.c3
Na5 10.Bc2 c5 11.d4 Nd7 12.Nbd2 exd4 13.cxd4 Nc6 14.Nf1 Bf6 15.Be3 Qb6 16.e5
dxe5 17.dxc5 Qc7 18.Ng3 g6 19.Ne4 Bg7 20.Nd6 Bb7 21.Ng5 Nd8 22.Bb3 Bc6 23.f4
h6 24.f5 hxg5 25.fxg6 Nf6 26.Rf1 g4 27.Rxf6 Bxf6 28.Qxg4 Bg7 29.Qh5 Re8
30.gxf7+ Nxf7 31.Bxf7+ Kf8 32.Bxe8 {#r} 1-0

[Event "Ch France (team) (nat.1) 2008/09"]
[Site "masterchessopen.com France"]
[Date "2009.02.07"]
[Round "6"]
[White "Stoenescu Radu (FRA)"]
[Black "Amoyal Pierre (FRA)"]
[Result "1-0"]
[WhiteElo "2149"]
[BlackElo "2139"]

1.e4 e5 2.Nf3 Nc6 3.Bb5 a6 4.Ba4 Nf6 5.O-O Be7 6.Re1 b5 7.Bb3 d6 8.c3 O-O 9.h3
Na5 10.Bc2 d5 11.exd5 e4 12.Bxe4 Nxe4 13.Rxe4 Re8 14.b4 Nc4 15.a4 Bf5 16.Re1
Qxd5 17.axb5 axb5 18.Rxa8 Qxa8 19.d3 Nd6 20.Bf4 Qd5 21.Nd4 Bd7 22.Nd2 c5
23.Re5 Qxe5 24.Bxe5 cxd4 25.Bxd4 Nf5 26.Bc5 Bd8 27.Ne4 Bc6 28.Qg4 Nh6 29.Qc8
{#r} 1-0

[Event "Ch Extremadura (team)"]
[Site "masterchessopen.com Extremadura (Spain)"]
[Date "2009.02.28"]
[Round "6"]
[White "Perez Candelario Manuel (ESP)"]
[Black "Gonzalez Manchon Juan Miguel (ESP)"]
[Result "1-0"]
[WhiteElo "2517"]
[BlackElo "2069"]

1.e4 e5 2.Nf3 Nc6 3.Bb5 a6 4.Ba4 Nf6 5.O-O d6 6.Re1 b5 7.Bb3 Be7 8.c3 O-O 9.h3
Na5 10.Bc2 c5 11.d4 Bb7 12.d5 Nc4 13.a4 Nb6 14.b3 bxa4 15.bxa4 Nc4 16.Nfd2 Na5
17.Na3 Rb8 18.Ndc4 Bc8 19.Bd2 Ne8 20.Nxa5 Qxa5 21.Rb1 Rxb1 22.Qxb1 g6 23.Nc4
Qc7 24.Qb6 f5 25.Bh6 Qxb6 26.Nxb6 Ng7 27.Rb1 fxe4 28.Nxc8 Rxc8 29.Bxe4 Bd8
30.Rb7 Ne8 31.Bf3 Bc7 32.Bg4 Rb8 33.Be6+ Kh8 34.Ra7 {#r} 1-0

[Event "It (w) \"]
[Site "masterchessopen.com Rijeka (Croatia)"]
[Date "2009.03.11"]
[Round "5"]
[White "Jacimovic Sara (BIH)"]
[Black "Pokorna Regina (SVK)"]
[Result "0-1"]
[WhiteElo "1833"]
[BlackElo "2381"]

1.e4 e5 2.Nf3 Nc6 3.Bb5 a6 4.Ba4 Nf6 5.O-O Be7 6.Re1 b5 7.Bb3 O-O 8.c3 d6 9.h3
Na5 10.Bc2 d5 11.exd5 e4 12.Ng5 Nxd5 13.Nxe4 f5 14.Ng3 f4 15.Ne2 f3 16.Nd4
fxg2 17.b4 Nf4 18.Nf3 Nxh3+ 19.Kxg2 Qd7 20.Ne5 Rxf2+ 21.Kh1 Bb7+ 22.Be4 Bxe4+
23.Rxe4 Qf5 24.Re1 Qf4 25.Nf3 Bd6 {#R} 0-1

[Event "Ch Thailand (open)"]
[Site "masterchessopen.com Bangkok (Thailand)"]
[Date "2009.04.02"]
[Round "3"]
[White "Masters Christopher (HKG)"]
[Black "Hegvik Leif Trygve (NOR)"]
[Result "1-0"]
[WhiteElo "1822"]
[BlackElo "1880"]

1.e4 e5 2.Nf3 Nc6 3.Bb5 a6 4.Ba4 Nf6 5.O-O Be7 6.Re1 b5 7.Bb3 d6 8.c3 O-O 9.h3
Na5 10.Bc2 c5 11.d4 exd4 12.cxd4 Nd7 13.Nc3 Bb7 14.d5 Nc4 15.Ne2 Bf6 16.Rb1
Nce5 17.Nh2 Re8 18.Ng3 Bc8 19.b3 Nf8 20.Bb2 Nfg6 21.Nh5 Bg5 22.Rf1 Bh6 23.f4
Nd7 24.Ng4 Qh4 25.Nxh6+ gxh6 26.Ng7 Rf8 27.Nf5 {#r} 1-0

[Event "Ch Croatia (team) (2nd league)"]
[Site "masterchessopen.com Senj (Croatia)"]
[Date "2009.04.04"]
[Round "1"]
[White "Nastic Milorad (CRO)"]
[Black "Jukic Mihovil (CRO)"]
[Result "1-0"]
[WhiteElo "2019"]
[BlackElo "1743"]

1.e4 e5 2.Nf3 Nc6 3.Bb5 a6 4.Ba4 Nf6 5.O-O Be7 6.Re1 b5 7.Bb3 d6 8.c3 O-O 9.h3
Na5 10.Bc2 Bb7 11.a4 Re8 12.d4 Nd7 13.Nbd2 c5 14.d5 f5 15.b4 fxe4 16.Bxe4 cxb4
17.cxb4 Nc4 18.Nxc4 bxc4 19.Qc2 Nf6 20.Qxc4 Rc8 21.Qd3 Qb6 22.Bf5 Rb8 23.Be6+
Kh8 24.Be3 Qxb4 25.Reb1 Qe4 26.Qxe4 Nxe4 27.Ba7 Nc3 28.Rb3 Bxd5 29.Bxd5 Rbc8
30.Be6 Rc7 31.Bb6 Ne2+ 32.Kf1 Rc1+ 33.Rxc1 Nxc1 34.Rc3 {#r} 1-0

[Event "Ch Europe (seniors) (team)"]
[Site "masterchessopen.com Velden (Austria)"]
[Date "2009.04.09"]
[Round "5"]
[White "Arp Frans L (NED)"]
[Black "Nussbaumer Josef (AUT)"]
[Result "1-0"]
[WhiteElo "2113"]
[BlackElo "2024"]

1.e4 e5 2.Nf3 Nc6 3.Bb5 a6 4.Ba4 Nf6 5.O-O Be7 6.Re1 b5 7.Bb3 O-O 8.c3 d6 9.h3
Na5 10.Bc2 c5 11.d4 cxd4 12.cxd4 Qc7 13.Nc3 Bb7 14.Bg5 Nc4 15.Nd5 Nxd5 16.exd5
f6 17.Bc1 Bxd5 18.dxe5 Bxf3 19.Qxf3 fxe5 20.Qh5 h6 21.Bxh6 Bf6 22.Qg6 Rf7
23.Be4 Bh4 24.g3 Qa7 25.Re3 Rd8 26.Bd5 Nxe3 27.Qxg7# 1-0

[Event "Cup Doeberl"]
[Site "masterchessopen.com Canberra (Australia)"]
[Date "2009.04.10"]
[Round "3"]
[White "Akshayraj Kore (IND)"]
[Black "Swathi Ghate (IND)"]
[Result "1-0"]
[WhiteElo "2411"]
[BlackElo "2344"]

1.e4 e5 2.Nf3 Nc6 3.Bb5 a6 4.Ba4 Nf6 5.O-O Be7 6.Re1 b5 7.Bb3 d6 8.c3 O-O 9.h3
Na5 10.Bc2 c5 11.d3 Re8 12.Nbd2 Bf8 13.Nf1 Nc6 14.Bg5 g6 15.Qd2 Bg7 16.Ng3 Qe7
17.h4 Qf8 18.h5 Nxh5 19.Nxh5 gxh5 20.Nh4 Ne7 21.Bb3 Be6 22.Qe2 a5 23.Qxh5 a4
24.Bxe7 Rxe7 25.Bd5 Bxd5 26.exd5 a3 27.b3 e4 28.Nf5 Re5 29.d4 cxd4 30.cxd4
Rxd5 31.Rxe4 Rxf5 32.Qxf5 b4 33.Rae1 Rd8 34.Qb5 {#r} 1-0

[Event "Ch Mongolia (w)"]
[Site "masterchessopen.com Ulan Bator (Mongolia)"]
[Date "2009.04.17"]
[Round "9"]
[White "Lhamsuren Uuganbayar (MGL)"]
[Black "Otgonjargal Sengeravdan (MGL)"]
[Result "1-0"]
[WhiteElo "2104"]
[BlackElo "2140"]

1.e4 e5 2.Nf3 Nc6 3.Bb5 a6 4.Ba4 Nf6 5.O-O b5 6.Bb3 Be7 7.Re1 d6 8.c3 O-O 9.h3
Na5 10.Bc2 c5 11.d4 cxd4 12.cxd4 Nc6 13.Nc3 Bb7 14.a4 Qa5 15.Nd5 Rac8 16.axb5
Qxa1 17.bxc6 Bd8 18.cxb7 Rb8 19.dxe5 dxe5 20.Nxe5 Rxb7 21.Nc6 Nxd5 22.exd5 h6
23.d6 Bf6 24.d7 Rc7 25.Re7 Rxc6 26.d8=Q Bxe7 27.Qxe7 Rfc8 28.Qed8+ {#r} 1-0

[Event "Ch Mongolia"]
[Site "masterchessopen.com Ulan Bator (Mongolia)"]
[Date "2009.04.19"]
[Round "14"]
[White "Batjantsan P (MGL)"]
[Black "Bayarmandah Balgan (MGL)"]
[Result "0-1"]
[WhiteElo "2136"]
[BlackElo "2314"]

1.e4 e5 2.Nf3 Nc6 3.Bb5 a6 4.Ba4 Be7 5.O-O Nf6 6.Re1 b5 7.Bb3 d6 8.c3 O-O 9.h3
Na5 10.Bc2 c5 11.d4 Nd7 12.Nbd2 Re8 13.Nf1 Bf8 14.Ng3 cxd4 15.cxd4 g6 16.b3
Nc6 17.Bg5 Qa5 18.a3 exd4 19.Ne2 Bb7 20.Nexd4 Nxd4 21.Nxd4 Bg7 22.b4 Qc7
23.Rc1 Ne5 24.Bb3 Nc4 25.Bxc4 bxc4 26.f3 d5 27.Be3 dxe4 28.fxe4 Rxe4 29.Bf2
Rxd4 30.Bxd4 Rd8 31.Bc5 Rxd1 32.Rcxd1 {#R} 0-1

[Event "Czech League 2008/09 (1st) (juniors)"]
[Site "masterchessopen.com Czech Republic"]
[Date "2009.04.26"]
[Round "11"]
[White "Stastny Daniel"]
[Black "Zeman Radek"]
[Result "0-1"]
[WhiteElo "1100"]
[BlackElo "1250"]

1.e4 e5 2.Nf3 Nc6 3.Bb5 a6 4.Ba4 Nf6 5.O-O Be7 6.c3 O-O 7.Re1 b5 8.Bb3 d6 9.h3
Na5 10.Bc2 c5 11.d4 cxd4 12.cxd4 Qc7 13.d5 Bd7 14.Nc3 Rfc8 15.a4 b4 16.Re3
bxc3 17.Rxc3 Qb7 18.Bd2 Nc4 19.Bc1 Nxb2 20.Rxc8+ Rxc8 21.Qe2 Nxa4 22.Bg5 Qb2
23.Rc1 Nxd5 24.exd5 Bxg5 25.Nxg5 Qxc1+ 26.Kh2 Rxc2 27.Qh5 Qf4+ 28.g3 Qxf2+
{#R} 0-1

[Event "Memorial Guillermo A Prada (juniors) (under 14) "]
[Site "masterchessopen.com Bogota (Colombia)"]
[Date "2009.05.01"]
[Round "2"]
[White "Neira Juan David (COL)"]
[Black "Juez Jhon Alexander (COL)"]
[Result "0-1"]
[WhiteElo "1965"]
[BlackElo "2036"]

1.e4 e5 2.Nf3 Nc6 3.Bb5 a6 4.Ba4 Nf6 5.O-O Be7 6.Re1 b5 7.Bb3 d6 8.h3 O-O 9.c3
Na5 10.Bc2 c5 11.d4 cxd4 12.cxd4 Nc6 13.dxe5 dxe5 14.Qxd8 Rxd8 15.Bg5 h6
16.Bxf6 Bxf6 17.Nc3 Nd4 18.Bd1 Bb7 19.b3 Rac8 20.Nxd4 exd4 21.e5 Be7 22.Ne4
Bb4 23.Re2 d3 24.Re3 Bxe4 25.Rxe4 d2 26.Kf1 Ba3 27.e6 fxe6 28.Rxe6 Rc1 {#R}
0-1

[Event "Ch Netherlands (juniors) (under 21)"]
[Site "masterchessopen.com Venlo (Netherlands)"]
[Date "2009.05.02"]
[Round "9"]
[White "Meurs Tom (NED)"]
[Black "Blom Vincent (NED)"]
[Result "1-0"]
[WhiteElo "2179"]
[BlackElo "2137"]

1.e4 e5 2.Nf3 Nc6 3.Bb5 a6 4.Ba4 Nf6 5.O-O b5 6.Bb3 Be7 7.Re1 O-O 8.h3 d6 9.c3
Na5 10.Bc2 c5 11.d4 cxd4 12.cxd4 Nc6 13.Nc3 Re8 14.d5 Nb8 15.b4 a5 16.bxa5 b4
17.Ne2 Nbd7 18.Bd2 Nc5 19.Qb1 Rb8 20.Bxb4 Ba6 21.a3 Qd7 22.Nc3 Nh5 23.Qd1 Rec8
24.Nxe5 dxe5 25.Qxh5 Nb7 26.Qxe5 Nd6 27.Qg3 {#r} 1-0

[Event "Memorial V.Doroshkevich (open)"]
[Site "masterchessopen.com Belorechensk (Russia)"]
[Date "2009.05.24"]
[Round "2"]
[White "Demianjuk Alexander (RUS)"]
[Black "Zhukov Viktor (RUS)"]
[Result "1-0"]
[WhiteElo "2368"]
[BlackElo "2143"]

1.e4 e5 2.Nf3 Nc6 3.Bb5 a6 4.Ba4 Nf6 5.O-O Be7 6.Re1 b5 7.Bb3 d6 8.c3 O-O 9.h3
Na5 10.Bc2 d5 11.d4 dxe4 12.Nxe5 c5 13.Bg5 Bb7 14.dxc5 Qc7 15.Bxf6 Bxf6 16.Nd7
Rad8 17.Nxf6+ gxf6 18.Qg4+ Kh8 19.Qf5 Qe7 20.Na3 Rd5 21.Qxe4 {#r} 1-0

[Event "Memorial V.Doroshkevich (open)"]
[Site "masterchessopen.com Belorechensk (Russia)"]
[Date "2009.05.26"]
[Round "4"]
[White "Demianjuk Alexander (RUS)"]
[Black "Kondenko Alexey (RUS)"]
[Result "1-0"]
[WhiteElo "2368"]
[BlackElo "2234"]

1.e4 e5 2.Nf3 Nc6 3.Bb5 a6 4.Ba4 Nf6 5.O-O Be7 6.Re1 b5 7.Bb3 d6 8.c3 O-O 9.h3
Na5 10.Bc2 d5 11.d4 Nxe4 12.Nxe5 Bb7 13.Nd2 f6 14.Nef3 f5 15.Ne5 Bh4 16.Re2
Nc4 17.Ndf3 f4 18.Nd3 Bg5 19.a4 Bh6 20.Nc5 Nxc5 21.dxc5 d4 22.Qd3 g6 23.Nxd4
f3 24.Bxh6 fxe2 25.Bxf8 Qxf8 26.c6 Re8 27.Re1 Ne5 28.Qe4 Nxc6 29.Qd5+ Qf7
30.Bb3 Nd8 31.Qd7 {#r} 1-0

[Event "Tournament (1)"]
[Site "masterchessopen.com Chelmza (Poland)"]
[Date "2009.06.26"]
[Round "9"]
[White "Kanarkiewicz Michal (POL)"]
[Black "Gawronski Miroslaw (POL)"]
[Result "0-1"]
[WhiteElo "1804"]
[BlackElo "2206"]

1.e4 e5 2.Nf3 Nc6 3.Bb5 a6 4.Ba4 Nf6 5.O-O b5 6.Bb3 Be7 7.Re1 d6 8.c3 O-O 9.h3
Na5 10.Bc2 c5 11.d4 Nd7 12.Nbd2 cxd4 13.cxd4 Nc6 14.d5 Nb4 15.Bb1 a5 16.Nf1
Na6 17.g4 Nac5 18.Ng3 g6 19.Bh6 Re8 20.Qd2 b4 21.Bc2 Rb8 22.b3 Ba6 23.Kh2 Bf6
24.Rg1 {#R} 0-1

[Event "Memorial Petrosian (open)"]
[Site "masterchessopen.com Dimitrovgrad (Russia)"]
[Date "2009.06.27"]
[Round "9"]
[White "Yakimkin Igor (RUS)"]
[Black "Predke Alexandr (RUS)"]
[Result "0-1"]
[WhiteElo "2185"]
[BlackElo "2335"]

1.e4 e5 2.Nf3 Nc6 3.Bb5 a6 4.Ba4 Nf6 5.O-O Be7 6.Re1 b5 7.Bb3 d6 8.c3 O-O 9.h3
Na5 10.Bc2 d5 11.exd5 e4 12.Ng5 Nxd5 13.Nxe4 f5 14.Ng3 f4 15.Ne4 f3 16.d4 fxg2
17.Qd3 Bf5 18.a4 Bh4 19.Re2 b4 20.c4 Nf6 21.Nbd2 Qd7 22.f3 Nh5 23.Nb3 Nxb3
24.Qxb3 Bxe4 25.Bxe4 Qxh3 26.Rxg2 Ng3 27.Bxh7+ Kh8 28.Bg5 Qh1+ 29.Kf2 Ne4+
30.Ke3 Qxg2 31.Bf4 Qd2+ {#R} 0-1

[Event "It (open)"]
[Site "masterchessopen.com Naujac sur Mer (France)"]
[Round "8"]
[White "Champ Gael (FRA)"]
[Black "Roubert Emile (FRA)"]
[Result "1-0"]
[WhiteElo "2102"]
[BlackElo "1919"]

1.e4 e5 2.Nf3 Nc6 3.Bb5 a6 4.Ba4 Nf6 5.O-O Be7 6.Re1 b5 7.Bb3 d6 8.c3 O-O 9.h3
Na5 10.Bc2 c5 11.d4 Nd7 12.Nbd2 exd4 13.cxd4 Nc6 14.Nf1 Bf6 15.Be3 Re8 16.Ng3
g6 17.dxc5 dxc5 18.e5 Ncxe5 19.Ne4 Bg7 20.Nd6 Rf8 21.Bg5 Bf6 22.Bxf6 Nxf3+
23.Qxf3 Qxf6 24.Qxa8 Qxd6 25.Rad1 Qf6 26.b3 Nb6 27.Qe4 Bf5 28.Qf4 {#r} 1-0

[Event "It (open)"]
[Site "masterchessopen.com Senta (Serbia)"]
[Date "2009.07.22"]
[Round "6"]
[White "Csirik Andras (HUN)"]
[Black "Pakhomov Alexey (RUS)"]
[Result "1-0"]
[WhiteElo "2281"]
[BlackElo "2439"]

1.e4 Nc6 2.Nf3 e5 3.Bb5 a6 4.Ba4 Nf6 5.O-O b5 6.Bb3 Be7 7.Re1 O-O 8.c3 d6 9.h3
Na5 10.Bc2 d5 11.d4 dxe4 12.Nxe5 Bb7 13.Nd2 Bd6 14.b4 e3 15.Rxe3 Nd5 16.bxa5
Nxe3 17.fxe3 Bxe5 18.dxe5 Qg5 19.Nf3 Bxf3 20.Qxf3 Qxe5 21.e4 b4 22.Bf4 Qxa5
23.cxb4 Qxb4 24.Rf1 Qc5+ 25.Rf2 f6 26.Kh2 Rae8 27.Bb3+ Kh8 28.Rc2 Qe7 29.Bxc7
Rc8 30.Bg3 Rxc2 31.Bxc2 Rc8 32.e5 Qc5 33.Bf5 {#r} 1-0

[Event "It (open)"]
[Site "masterchessopen.com Avoine (France)"]
[Date "2009.07.24"]
[Round "7"]
[White "Goy Wilfried (FRA)"]
[Black "Deslias Gregoire (FRA)"]
[Result "0-1"]
[WhiteElo "1945"]
[BlackElo "1823"]

1.e4 e5 2.Nf3 Nc6 3.Bb5 a6 4.Ba4 Nf6 5.O-O Be7 6.Re1 b5 7.Bb3 d6 8.h3 O-O 9.c3
Na5 10.Bc2 c5 11.d3 Qc7 12.Bg5 h6 13.Bxf6 Bxf6 14.Nbd2 Bb7 15.Nf1 Rad8 16.Rc1
Rfe8 17.Ng3 d5 18.Qe2 g6 19.Bb1 Nc6 20.exd5 Rxd5 21.d4 cxd4 22.cxd4 Qb6 23.Ne4
Nxd4 24.Qe3 Nxf3+ 25.Qxf3 Bg7 26.Qb3 Red8 27.Rc3 Rd4 28.Rf3 Bd5 29.Qe3 f5
30.Nc3 Bxf3 31.Qxf3 Rd2 32.Qg3 Rxb2 33.h4 Rdd2 {#R} 0-1

[Event "It (open)"]
[Site "masterchessopen.com Pardubice (Czech Republic)"]
[Date "2009.07.27"]
[Round "4"]
[White "Kuchynka Lukas (CZE)"]
[Black "Mons Leon (GER)"]
[Result "1-0"]
[WhiteElo "2307"]
[BlackElo "2148"]

1.e4 e5 2.Nf3 Nc6 3.Bb5 a6 4.Ba4 Nf6 5.O-O Be7 6.Re1 b5 7.Bb3 d6 8.c3 O-O 9.h3
Na5 10.Bc2 c5 11.d3 Qc7 12.Nbd2 g6 13.Nf1 Ne8 14.a4 Rb8 15.axb5 axb5 16.d4 Nc4
17.dxc5 Qxc5 18.Ne3 Be6 19.Qd3 Nc7 20.Nf5 Bxf5 21.exf5 Nd5 22.Nd2 Nxd2 23.Bxd2
Bh4 24.Qf3 b4 25.c4 b3 26.Ra5 Qb6 27.Rb5 Qxf2+ 28.Qxf2 Bxf2+ 29.Kxf2 Rxb5
30.Be4 gxf5 31.Bxd5 Rbb8 32.Ra1 Kg7 33.Ra7 Kg6 34.Ba5 {#r} 1-0

[Event "Ch Centroamericano & Caribbean (under 20)"]
[Site "masterchessopen.com Medellin (Colombia)"]
[Date "2009.08.03"]
[Round "8"]
[White "Duran Fernandez Emilio (ESP)"]
[Black "Del Castilho Martyn (BAR)"]
[Result "0-1"]
[WhiteElo "1798"]
[BlackElo "2181"]

1.e4 e5 2.Nf3 Nc6 3.Bb5 a6 4.Ba4 Nf6 5.O-O Be7 6.Re1 b5 7.Bb3 O-O 8.c3 d6 9.h3
Na5 10.Bc2 d5 11.Nxe5 dxe4 12.d4 c5 13.Be3 Qc7 14.Nd2 Bb7 15.Ng4 Nd5 16.Bxe4
f5 17.Bxd5+ Bxd5 18.Ne5 f4 19.Bxf4 Rxf4 {#R} 0-1